भटके हुए लोग (Record no. 188205)

MARC details
000 -LEADER
fixed length control field 00540nam a2200181Ia 4500
008 - FIXED-LENGTH DATA ELEMENTS--GENERAL INFORMATION
fixed length control field 090124s9999 xx 000 0 und d
082 ## - DEWEY DECIMAL CLASSIFICATION NUMBER
Item number 206589
100 ## - MAIN ENTRY--PERSONAL NAME
Personal name आलम खुर्शीद
245 ## - TITLE STATEMENT
Title भटके हुए लोग
250 ## - EDITION STATEMENT
Edition statement 1
260 ## - PUBLICATION, DISTRIBUTION, ETC. (IMPRINT)
Name of publisher, distributor, etc आलम खुर्शीद
Date of publication, distribution, etc 2004
300 ## - PHYSICAL DESCRIPTION
Extent 169
600 ## - SUBJECT ADDED ENTRY--PERSONAL NAME
Personal name आलम खुर्शीद
630 ## - SUBJECT ADDED ENTRY--UNIFORM TITLE
Uniform title भटके हुए लोग
700 ## - ADDED ENTRY--PERSONAL NAME
Personal name आलम खुर्शीद
730 ## - ADDED ENTRY--UNIFORM TITLE
Uniform title भटके हुए लोग
942 ## - ADDED ENTRY ELEMENTS (KOHA)
Koha item type Book
Holdings
Withdrawn status Lost status Damaged status Not for loan Home library Current library Date acquired Cost, normal purchase price Total Checkouts Full call number Barcode Date last seen Cost, replacement price Price effective from Koha item type
        Marathi Granth Sangrahalaya,Thane Marathi Granth Sangrahalaya,Thane   60.00   206589 THNMGS-206589 01/24/2009 60.00 01/24/2009 Book